Emotional intelligence (Record no. 4793)

MARC details
000 -LEADER
fixed length control field 00614cam a22002534a 4500
001 - CONTROL NUMBER
control field
003 - CONTROL NUMBER IDENTIFIER
control field OSt
005 - DATE AND TIME OF LATEST TRANSACTION
control field 20220107122804.0
008 - FIXED-LENGTH DATA ELEMENTS--GENERAL INFORMATION
fixed length control field 061019s2006 nyua b 001 0 eng
010 ## - LIBRARY OF CONGRESS CONTROL NUMBER
LC control number
020 ## - INTERNATIONAL STANDARD BOOK NUMBER
International Standard Book Number 9789382563792
040 ## - CATALOGING SOURCE
Original cataloging agency
Transcribing agency IIITMK
Modifying agency
050 00 - LIBRARY OF CONGRESS CALL NUMBER
Item number
082 00 - DEWEY DECIMAL CLASSIFICATION NUMBER
Classification number 152.4 GOL/E
Edition number
100 1# - MAIN ENTRY--PERSONAL NAME
Personal name Goleman, Daniel.
9 (RLIN) 7384
245 10 - TITLE STATEMENT
Title Emotional intelligence
Statement of responsibility, etc. Daniel Goleman.
260 ## - PUBLICATION, DISTRIBUTION, ETC.
Place of publication, distribution, etc. New Delhi,
Name of publisher, distributor, etc. Bloomsbury,
Date of publication, distribution, etc. 2013.
300 ## - PHYSICAL DESCRIPTION
Extent xiv, 352 p. :
Other physical details
Dimensions
504 ## - BIBLIOGRAPHY, ETC. NOTE
Bibliography, etc. note
650 #0 - SUBJECT ADDED ENTRY--TOPICAL TERM
Topical term or geographic name entry element EMOTIONAL INTELLIGENCE
9 (RLIN) 7385
650 #0 - SUBJECT ADDED ENTRY--TOPICAL TERM
Topical term or geographic name entry element EMOTIONS
9 (RLIN) 7386
650 #0 - SUBJECT ADDED ENTRY--TOPICAL TERM
Topical term or geographic name entry element IQ
9 (RLIN) 7387
942 ## - ADDED ENTRY ELEMENTS (KOHA)
Source of classification or shelving scheme Dewey Decimal Classification
Koha item type Books
Holdings
Withdrawn status Lost status Source of classification or shelving scheme Damaged status Not for loan Collection code Home library Current library Shelving location Date acquired Cost, normal purchase price Total Checkouts Total Renewals Full call number Barcode Date last seen Date last checked out Price effective from Koha item type
    Dewey Decimal Classification     Non Fiction Kerala University of Digital Sciences, Innovation and Technology Knowledge Centre Kerala University of Digital Sciences, Innovation and Technology Knowledge Centre Psychology 06/07/2015 300.00 9 2 152.4 GOL/E 4215 05/01/2026 18/12/2025 06/07/2015 Books